Catálogo

Making happy people : (Registro nro. 67443)

Detalles MARC
000 -LEADER
fixed length control field 00782cam a2200253 i 4500
001 - CONTROL NUMBER
control field 67443
003 - CONTROL NUMBER IDENTIFIER
control field Mx-PuUPA
005 - DATE AND TIME OF LATEST TRANSACTION
control field 20221205131244.0
008 - FIXED-LENGTH DATA ELEMENTS--GENERAL INFORMATION
fixed length control field 170601s2006 xxk r 000 0 eng d
020 ## - INTERNATIONAL STANDARD BOOK NUMBER
International Standard Book Number 0007127073
040 ## - CATALOGING SOURCE
Description conventions rda
Original cataloging agency Mx-PuUPA
Language of cataloging spa
Transcribing agency Mx-PuUPA
Modifying agency Mx-PuUPA
041 0# - LANGUAGE CODE
Language code of text/sound track or separate title eng
100 1# - MAIN ENTRY--PERSONAL NAME
Personal name Martin, Paul,
Relator term autor
9 (RLIN) 4761
245 10 - TITLE STATEMENT
Title Making happy people :
Remainder of title the nature of happiness and its origins in childhood /
Statement of responsibility, etc. Paul Martin.
264 #1 - PRODUCTION, PUBLICATION, DISTRIBUTION, MANUFACTURE, AND COPYRIGHT NOTICE
Place of production, publication, distribution, manufacture London :
Name of producer, publisher, distributor, manufacturer Harper Perennial,
Date of production, publication, distribution, manufacture, or copyright notice 2006
300 ## - PHYSICAL DESCRIPTION
Extent xi, 306 páginas ;
Dimensions 20 cm.
336 ## - CONTENT TYPE
Content type term texto
Fuente rdacontent
Content type code txt
337 ## - MEDIA TYPE
Media type term sin medio
Source rdamedia
Media type code n
338 ## - CARRIER TYPE
Carrier type term volumen
Source rdacarrier
Carrier type code nc
650 #4 - SUBJECT ADDED ENTRY--TOPICAL TERM
Topical term or geographic name entry element Felicidad
650 #4 - SUBJECT ADDED ENTRY--TOPICAL TERM
Topical term or geographic name entry element Éxito
942 ## - ADDED ENTRY ELEMENTS (KOHA)
Classification part 155.42
Item part M298
Koha item type Libro
Source of classification or shelving scheme Dewey Decimal Classification
Existencias
Withdrawn status Lost status Source of classification or shelving scheme Damaged status Not for loan Collection code Home library Current library Shelving location Date acquired Source of acquisition Total Checkouts Full call number Barcode Checked out Date last seen Date last checked out Price effective from Koha item type
    Dewey Decimal Classification     Magisterial Biblioteca Karol Wojtyla Biblioteca Karol Wojtyla Módulo de circulación 01/06/2017 Compra 1 152.48 M298 2006 97775 23/08/2017 23/08/2017 23/08/2017 15/06/2017 Magisterial